| 000 | 01365nam0a22002891 4500 | ||
|---|---|---|---|
| 001 | rc\4536043 | ||
| 005 | 20250611192132.0 | ||
| 021 |
_aRU _bП1559-61 |
||
| 035 | _a(NLR Aleph) 008358162 | ||
| 090 |
_a8980926 _c8980926 |
||
| 100 | _a20130416d1961 |||y0rusy50 ca | ||
| 101 | 0 | _arus | |
| 102 | _aRU | ||
| 105 | _aa z ||||| | ||
| 200 | 1 |
_aМашины для испытаний на переменный изгиб при повышенных температурах _fГос. науч.-техн. ком. Совета Министров РСФСР. Центр. ин-т техн.-экон. информации |
|
| 210 |
_aМосква _cБ. и. _d1961 |
||
| 215 |
_a12 с. _cил. _d26 |
||
| 225 | 1 |
_aПередовой научно-технический и производственный опыт _v№ М-61-106. Тема 10 _iОрганизация контроля качества продукции _vВып. 6 |
|
| 300 | _aПеред загл. авт.: канд. техн. наук Л.А. Козлов | ||
| 300 | _aНа обл. только загл. серии | ||
| 700 | 1 |
_7ca _8rus _aКозлов _bЛ.А. _cканд. техн. наук _gЛеонид Александрович _9225311 _3RU\NLR\AUTH\770225367 |
|
| 801 | 0 |
_aRU _bNLR _gpsbo |
|
| 801 | 1 |
_aRU _bELAR _2rusmarc |
|
| 852 |
_aNLR _jП11/1538 |
||
| 942 | _cBOOK | ||
| 980 | _aNB | ||